000 05642nas a22002777a 4500
003 NALT
005 20240626143852.0
006 a|||p|r|||| 00| 0
007 ta
008 240626b th |||p| |||| 00| 0 tha d
022 _a08579776
040 _aNALT
041 _atha
245 0 0 _aกฎหมายสุโขทัยธรรมาธิราช ปีที่ 20 ฉบับที่ 1-2 (มิ.ย.-ธ.ค. 2551)
260 _aพี.เอ.ลิฟวิ่ง จำกัด
310 _aราย 6 เดือน
500 _aวารสารเย็บเล่ม
505 2 _aปีที่ 20 ฉบับที่ 1 มิ.ย. 2551 -- กลุ่มบริษัทกับภาษีเงินได้นิติบุคคล กรณีการรับเงินปันผลและการกู้ยืมเงินระหว่างบริษัท -- เมื่อรัฐธรรมนูญถูกยกเลิก : ผล -- ช่วยกันทำมากินโดย ใช้ที่ดินของชาติ -- ผลกระทบของการใช้คำนำหน้านามหญิงที่สมรสว่า "นางสาว" -- การคุ้มครององค์ความรู้ดั้งเดิมและทรัพยากรของชนเผ่าพื้นเมืองในประเทศไทย -- ปัญหา ข้อกฎหมายเกี่ยวกับการทำความตกลงหุ้นส่วนเศรษฐกิจ ไทย-ญี่ปุ่น -- การเลือกตั้ง -- เรียนอย่างไรให้ประสบผลสำเร็จ -- คำพิพากษาศาลฎีกาที่ 7031/2549 การหมั้นกับข้อตกลง ว่าจะแต่งงานกัน -- คำพิพากษาศาลฎีกาที่ 6827/2549 เจ้าหนี้กองมรดกกับการร้องขอตั้งผู้จัดการมรดก -- แนะนำกฎหมายใหม่ พระราชบัญญัติสัญชาติ (ฉบับที่ 4) พ.ศ. 2551.
_aปีที่ 20 ฉบับที่ 2 ธ.ค. 2551 -- บทบาทของรัฐสภากับกระบวนการทำสนธิสัญญาระหว่างประเทศ และปัญหา มาตรา 190 รัฐธรรมนูญแห่งราชอาณาจักรไทย พุทธศักราช 2550 -- สิทธิ เสรีภาพ และความเสมอภาคด้านการศึกษาของคนพิการ -- การเรียกค่าเสียหายในคดีสิ่งแวดล้อมตามพระราชบัญญัติส่งเสริมและรักษาคุณภาพสิ่งแวดล้อม พ.ศ. 2535 -- ปัญหาการจดทะเบียนสิทธิเกี่ยวกับอสังหาริมทรัพย์ซึ่งได้มาโดยทางมรดกกับข้อเสนอแนะการแก้ไขบทบัญญัติมาตรา 81 และมาตรา 82 ตามประมวลกฎหมายที่ดิน -- ปัญหาข้อตกลง ของคู่สัญญาที่ทำสัญญายกเว้นข้อจำกัดที่เจ้าหนี้ผู้รับจำนองมีสิทธิ์บังคับได้ไม่เกินทรัพย์ที่รับจำนองไว้เท่านั้น มีผลใช้บังคับได้เพียงใด (ป.พ.พ. ม.733) -- เครื่องหมายรูปร่างหรือ รูปทรงของวัตถุ : ข้อสังเกตบางประการเกี่ยวกับการคุ้มครอง -- การคุ้มครองภูมิปัญญาท้องถิ่นภายใต้กฎหมายเฉพาะ -- "บัตรเครดิต" บัตรให้เครดิต หรือบัตรสร้างเดบิต? -- ฟ้องเรียกหนี้ตามตั๋วเงินไม่ได้ เพราะคดีขาดอายุความ เจ้าหนี้จะฟ้องลูกหนี้ตามหนี้เดิมได้หรือไม่ เพียงใด? -- ลักษณะของกฎหมายภาษีที่ดีและมีประสิทธิภาพควรง่ายหรือมีความ ซับซ้อน? -- สหภาพยุโรปกับวิวัฒนาการในการรวมตัวทางเศรษฐกิจ -- คำพิพากษาศาลฎีกาที่ 5184/2550 การเลิกห้างหุ้นส่วนจำกัด.
650 0 _aภาษีเงินได้นิติบุคคล
_919427
850 _aNALT
866 _aปีที่ 50 ฉบับที่ 1 (มิ.ย. 2551)
866 _aปีที่ 50 ฉบับที่ 2 (ธ.ค. 2551)
942 _cBOUND
996 _aaroonthip.c
_bLIBSTF
_c2024-06-26
999 _c105432
_d105432
998 _h179
_j179
_k อรุณทิพย์ จันทร์ดิษฐ์